000 00710nam a2200289Ia 4500
005 20260324121459.0
008 008 260324s9999 xx 000 0 eng d
020 _a9781032681337
037 _aEBOOK
040 _aCRL
040 _beng
040 _cCRL
041 _2eng
041 _aeng
084 _qCRL
100 _aElham Kazemi; Allison Hintz
_91162689
245 0 _aIntentional Talk
245 0 _bHow to Structure and Lead Productive Mathematical Discussions
260 _bTaylor and Francis
260 _c2014
365 _a
365 _b130
856 _uhttp://www.taylorfrancis.com/books/9781032681337
942 _cEBOOK
999 _c1754806
_d1754806